000 01032naa a22002897a 4500
001 BR9102833
003 BR-BrBNA
005 20240918180722.0
007 ta
008 230509b bl.||||| |||| 00| 0 por d
040 _aBR-BrBNA
_bpor
_cBiblioteca Nacional de Agricultura
041 _a(Pt)
072 _aN20
_b4510
090 _aN20 BR9102833
100 1 _aGiovanini, M.
100 1 _aKlingensteiner, P.
100 1 _aHermann, P.R.
111 1 _a13. Congresso Brasileiro de Engenharia Agricola
_cItaguai, RJ (Brazil)
_d18-21 Jul 1983
245 1 _aEnsaio e avaliacao de carretas agricolas
260 3 _aItaguai, RJ (Brasil):
_c1983.
500 _aAnais do 13. Congresso Brasileiro de Engenharia Agricola Itaguai, RJ (Brasil): 1983. p. 67-72 (BR9102833-AM)N20
650 _aMAQUINA AGRICOLA
650 _aTRACAO MOTORIZADA
773 0 _tAnais do 13. Congresso Brasileiro de Engenharia Agricola
_b
_wN20 BR9102833
_gItaguai, RJ (Brasil), 1983. p. 67-72
909 _a202404
_bLucia
_c55
_dLucia Elande
942 _cAM
_2AGRIS
999 _c321810
_d321810